000 00627nam a2200217Ii 4500
001 18415
003 CO-ViMGA
008 241108s9999||||xx |||||||||||||| ||und||
020 _a9789871343171
040 _aCO-ViMGA
_bspa
_erda
_cCO-ViMGA
041 0 _aspa
084 _aC VAC1j
100 1 _aFranco Vaccarini
_947018
245 1 0 _aEl jardín del ahorcado y otros cuentos
264 1 _aBuenos Aires, Argentina : Del Naranjo, 2009
300 _avolumen
336 _atext
_btxt
_2rdacontent
337 _aunmediated
_bn
_2rdamedia
338 _avolume
_bnc
_2rdacarrier
940 _aidficha_siabuc: 18078. -- ficha_no_siabuc:18415
999 _c41597
_d41597